<?xml version="1.0" encoding="UTF-8"?>
<record
    xmlns:xsi="http://www.w3.org/2001/XMLSchema-instance"
    xsi:schemaLocation="http://www.loc.gov/MARC21/slim http://www.loc.gov/standards/marcxml/schema/MARC21slim.xsd"
    xmlns="http://www.loc.gov/MARC21/slim">

  <leader>04931nam a22004217a 4500</leader>
  <controlfield tag="003">EG-GICUC</controlfield>
  <controlfield tag="005">20260501202733.0</controlfield>
  <controlfield tag="008">260501s2022    ua a|||frm||| 000 0 eng d</controlfield>
  <datafield tag="040" ind1=" " ind2=" ">
    <subfield code="a">EG-GICUC</subfield>
    <subfield code="c">EG-GICUC</subfield>
    <subfield code="d">EG-GICUC</subfield>
    <subfield code="e">rda</subfield>
  </datafield>
  <datafield tag="041" ind1="0" ind2=" ">
    <subfield code="a">eng</subfield>
    <subfield code="b">eng</subfield>
    <subfield code="b">ara</subfield>
  </datafield>
  <datafield tag="049" ind1=" " ind2=" ">
    <subfield code="a">Deposit</subfield>
  </datafield>
  <datafield tag="082" ind1="0" ind2="4">
    <subfield code="a">610.733</subfield>
  </datafield>
  <datafield tag="092" ind1=" " ind2=" ">
    <subfield code="a">610.733</subfield>
    <subfield code="2">21</subfield>
  </datafield>
  <datafield tag="097" ind1=" " ind2=" ">
    <subfield code="a">M.Sc</subfield>
  </datafield>
  <datafield tag="099" ind1=" " ind2=" ">
    <subfield code="a">Cai01.17.03.M.Sc.2022.Mo.R</subfield>
  </datafield>
  <datafield tag="100" ind1="0" ind2=" ">
    <subfield code="a">Mona Mohamed Aboelmhasen,</subfield>
    <subfield code="e">preparation.</subfield>
  </datafield>
  <datafield tag="245" ind1="1" ind2="0">
    <subfield code="a">Relationship Between Personality Traits and Organizational Commitment of Nursing Staff in El-Hawamdia General Hospital /</subfield>
    <subfield code="c">by Mona Mohamed Aboelmhasen ; Advisor Mohamed Ali Pessa; Abeer Mohamed Seada.</subfield>
  </datafield>
  <datafield tag="246" ind1="1" ind2="5">
    <subfield code="a">&#x627;&#x644;&#x639;&#x644;&#x627;&#x642;&#x647; &#x628;&#x64A;&#x646; &#x633;&#x645;&#x627;&#x62A; &#x627;&#x644;&#x634;&#x62E;&#x635;&#x64A;&#x647; &#x648; &#x627;&#x644;&#x627;&#x644;&#x62A;&#x632;&#x627;&#x645; &#x627;&#x644;&#x645;&#x624;&#x633;&#x633;&#x649; &#x644;&#x647;&#x64A;&#x626;&#x629; &#x627;&#x644;&#x62A;&#x645;&#x631;&#x64A;&#x636; &#x628;&#x645;&#x633;&#x62A;&#x634;&#x641;&#x649; &#x627;&#x644;&#x62D;&#x648;&#x627;&#x645;&#x62F;&#x64A;&#x629; &#x627;&#x644;&#x639;&#x627;&#x645;</subfield>
  </datafield>
  <datafield tag="264" ind1=" " ind2="0">
    <subfield code="c">2022.</subfield>
  </datafield>
  <datafield tag="300" ind1=" " ind2=" ">
    <subfield code="a">186 pages :</subfield>
    <subfield code="b">illustrations ; </subfield>
    <subfield code="c">30 cm. + </subfield>
    <subfield code="e">CD.</subfield>
  </datafield>
  <datafield tag="336" ind1=" " ind2=" ">
    <subfield code="a">text</subfield>
    <subfield code="2">rda content</subfield>
  </datafield>
  <datafield tag="337" ind1=" " ind2=" ">
    <subfield code="a">Unmediated</subfield>
    <subfield code="2">rdamedia</subfield>
  </datafield>
  <datafield tag="338" ind1=" " ind2=" ">
    <subfield code="a">volume</subfield>
    <subfield code="2">rdacarrier</subfield>
  </datafield>
  <datafield tag="502" ind1=" " ind2=" ">
    <subfield code="a">Thesis (M.Sc)-Cairo University, 2022.</subfield>
  </datafield>
  <datafield tag="504" ind1=" " ind2=" ">
    <subfield code="a">Bibliography: pages 10-15.</subfield>
  </datafield>
  <datafield tag="520" ind1=" " ind2="3">
    <subfield code="a">Background: Nurses&#x2019; commitments to the organization play a central role in their retention in the field of healthcare organizations. for better understanding what motivates nurses to be committed, organizations can benefit greatly from personality assessment. Aim: to investigate the relationship between personality traits and organizational commitment of nursing staff. Design: A descriptive correlational design was utilized. Setting: Data were collected from El-Hawamdia General Hospital. Sample: A convenient sample (n&#x2550;190) of nursing staff who accepted to participate in the study were constitute the study sample. Tools: Two tools were utilized to collect data; 1- Personality traits questionnaire, 2- Organizational commitment questionnaire. Results: study findings revealed that study nurses had personality traits of conscientiousness (84.7%), agreeableness (82.2%), openness to experience (76. 7%), extraversion (71. 3%) and finally neuroticism trait (61.6%). Moreover, they had high level of organizational commitment. Conclusion: there was statistical significant positive correlation between study nurses&#x2019; personality traits and their organization commitment. Recommendations: Health organizations and academic setting should use personality traits scales in nursing personnel selection in admission, nursing managers should develop more adaptive organizational commitment activities for nursing staff in accordance to their personalities, further studies are recommended to be conducted in other governmental and private organizations for the sake of comparative analysis.</subfield>
  </datafield>
  <datafield tag="520" ind1=" " ind2="3">
    <subfield code="a">&#x644;&#x62C;&#x623;&#x62A; &#x627;&#x644;&#x645;&#x646;&#x638;&#x645;&#x627;&#x62A; &#x627;&#x644;&#x635;&#x62D;&#x64A;&#x629; &#x644;&#x62A;&#x642;&#x62F;&#x64A;&#x645; &#x623;&#x641;&#x636;&#x644; &#x645;&#x627; &#x639;&#x646;&#x62F;&#x647;&#x627; &#x648;&#x630;&#x644;&#x643; &#x644;&#x645;&#x648;&#x627;&#x643;&#x628;&#x629; &#x627;&#x644;&#x639;&#x635;&#x631; &#x627;&#x644;&#x62D;&#x62F;&#x64A;&#x62B; &#x641;&#x649; &#x643;&#x644; &#x62A;&#x637;&#x648;&#x631;&#x627;&#x62A;&#x647;,&#x643;&#x627;&#x644;&#x627;&#x647;&#x62A;&#x645;&#x627;&#x645; &#x628;&#x627;&#x644;&#x647;&#x64A;&#x627;&#x643;&#x644; &#x627;&#x644;&#x62A;&#x646;&#x638;&#x64A;&#x645;&#x64A;&#x629; &#x648;&#x627;&#x644;&#x645;&#x639;&#x62F;&#x627;&#x62A; &#x627;&#x644;&#x62D;&#x62F;&#x64A;&#x62B;&#x629;. &#x648;&#x644;&#x643;&#x646; &#x641;&#x649; &#x627;&#x644;&#x627;&#x648;&#x646;&#x629; &#x627;&#x644;&#x623;&#x62E;&#x64A;&#x631;&#x629; &#x627;&#x644;&#x62A;&#x641;&#x62A; &#x627;&#x644;&#x628;&#x627;&#x62D;&#x62B;&#x648;&#x646; &#x627;&#x644;&#x649; &#x636;&#x631;&#x648;&#x631;&#x629; &#x627;&#x644;&#x627;&#x647;&#x62A;&#x645;&#x627;&#x645; &#x628;&#x627;&#x644;&#x639;&#x627;&#x645;&#x644;&#x64A;&#x646; &#x641;&#x649; &#x627;&#x644;&#x645;&#x62C;&#x627;&#x644; &#x627;&#x644;&#x635;&#x62D;&#x649; &#x645;&#x646; &#x62D;&#x64A;&#x62B; &#x637;&#x628;&#x64A;&#x639;&#x629; &#x633;&#x644;&#x648;&#x643;&#x647;&#x645; &#x62F;&#x627;&#x62E;&#x644; &#x627;&#x644;&#x645;&#x646;&#x638;&#x645;&#x629; &#x648;&#x627;&#x644;&#x637;&#x631;&#x642; &#x627;&#x644;&#x643;&#x641;&#x64A;&#x644;&#x629; &#x628;&#x62A;&#x62D;&#x641;&#x64A;&#x632;&#x647;&#x645; &#x644;&#x62A;&#x639;&#x632;&#x64A;&#x632; &#x627;&#x646;&#x62A;&#x645;&#x627;&#x621;&#x647;&#x645; &#x644;&#x645;&#x646;&#x638;&#x645;&#x62A;&#x647;&#x645; &#x644;&#x644;&#x627;&#x631;&#x62A;&#x642;&#x627;&#x621; &#x628;&#x627;&#x644;&#x627;&#x62F;&#x627;&#x621; &#x627;&#x644;&#x648;&#x638;&#x64A;&#x641;&#x649;. &#x62D;&#x64A;&#x62B; &#x623;&#x646; &#x646;&#x62C;&#x627;&#x62D; &#x627;&#x644;&#x645;&#x646;&#x638;&#x645;&#x629; &#x64A;&#x631;&#x62A;&#x628;&#x637; &#x628;&#x634;&#x643;&#x644; &#x643;&#x628;&#x64A;&#x631; &#x628;&#x645;&#x62F;&#x649; &#x648;&#x644;&#x627;&#x621; &#x627;&#x644;&#x623;&#x641;&#x631;&#x627;&#x62F; &#x627;&#x644;&#x639;&#x627;&#x645;&#x644;&#x64A;&#x646; &#x644;&#x647;&#x627; &#x648;&#x642;&#x646;&#x627;&#x639;&#x627;&#x62A;&#x647;&#x645; &#x628;&#x623;&#x647;&#x62F;&#x627;&#x641;&#x647;&#x627; &#x648;&#x633;&#x639;&#x64A;&#x647;&#x645; &#x644;&#x644;&#x648;&#x635;&#x648;&#x644; &#x627;&#x644;&#x64A;&#x647;&#x627;. &#x645;&#x645;&#x627; &#x623;&#x62F;&#x649; &#x627;&#x644;&#x649; &#x627;&#x62C;&#x631;&#x627;&#x621; &#x627;&#x644;&#x639;&#x62F;&#x64A;&#x62F; &#x645;&#x646; &#x627;&#x644;&#x62F;&#x631;&#x627;&#x633;&#x627;&#x62A; &#x627;&#x644;&#x645;&#x64A;&#x62F;&#x627;&#x646;&#x64A;&#x629; &#x645;&#x646; &#x623;&#x62C;&#x644; &#x62A;&#x62D;&#x62F;&#x64A;&#x62F; &#x627;&#x644;&#x639;&#x648;&#x627;&#x645;&#x644; &#x627;&#x644;&#x645;&#x624;&#x62B;&#x631;&#x629; &#x641;&#x649; &#x627;&#x644;&#x62A;&#x632;&#x627;&#x645; &#x627;&#x644;&#x639;&#x646;&#x627;&#x635;&#x631; &#x627;&#x644;&#x628;&#x634;&#x631;&#x64A;&#x629; &#x648;&#x627;&#x644;&#x645;&#x62A;&#x63A;&#x64A;&#x631;&#x627;&#x62A; &#x627;&#x644;&#x62A;&#x649; &#x62A;&#x62D;&#x643;&#x645; &#x639;&#x645;&#x644;&#x64A;&#x629; &#x627;&#x644;&#x627;&#x644;&#x62A;&#x632;&#x627;&#x645; &#x627;&#x644;&#x645;&#x624;&#x633;&#x633;&#x649; &#x648;&#x62D;&#x64A;&#x62B; &#x623;&#x646; &#x633;&#x645;&#x627;&#x62A; &#x627;&#x644;&#x634;&#x62E;&#x635;&#x64A;&#x629; &#x644;&#x643;&#x644; &#x641;&#x631;&#x62F; &#x62A;&#x633;&#x647;&#x645; &#x641;&#x649; &#x641;&#x647;&#x645; &#x627;&#x644;&#x641;&#x631;&#x648;&#x642; &#x627;&#x644;&#x641;&#x631;&#x62F;&#x64A;&#x629; &#x641;&#x649; &#x627;&#x644;&#x633;&#x644;&#x648;&#x643;&#x64A;&#x627;&#x62A; &#x648;&#x627;&#x644;&#x627;&#x62A;&#x62C;&#x627;&#x647;&#x627;&#x62A; &#x648;&#x627;&#x644;&#x645;&#x639;&#x62A;&#x642;&#x62F;&#x627;&#x62A; &#x648;&#x627;&#x644;&#x623;&#x62D;&#x627;&#x633;&#x64A;&#x633; &#x627;&#x644;&#x645;&#x62E;&#x62A;&#x644;&#x641;&#x629; &#x644;&#x630;&#x627; &#x643;&#x627;&#x646; &#x645;&#x646; &#x627;&#x644;&#x645;&#x647;&#x645; &#x62A;&#x62D;&#x631;&#x649; &#x627;&#x644;&#x639;&#x644;&#x627;&#x642;&#x647; &#x628;&#x64A;&#x646; &#x633;&#x645;&#x627;&#x62A; &#x627;&#x644;&#x634;&#x62E;&#x635;&#x64A;&#x647; &#x648; &#x627;&#x644;&#x627;&#x644;&#x62A;&#x632;&#x627;&#x645; &#x627;&#x644;&#x645;&#x624;&#x633;&#x633;&#x649; &#x644;&#x647;&#x64A;&#x626;&#x629; &#x627;&#x644;&#x62A;&#x645;&#x631;&#x64A;&#x636; &#x628;&#x627;&#x644;&#x645;&#x633;&#x62A;&#x634;&#x641;&#x649; &#x627;&#x644;&#x645;&#x62E;&#x62A;&#x627;&#x631;. &#x62D;&#x64A;&#x62B; &#x627;&#x646;&#x647;&#x627; &#x645;&#x633;&#x62A;&#x634;&#x641;&#x649; &#x62A;&#x627;&#x628;&#x639;&#x629; &#x644;&#x648;&#x632;&#x627;&#x631;&#x629; &#x627;&#x644;&#x635;&#x62D;&#x629; &#x627;&#x644;&#x645;&#x635;&#x631;&#x64A;&#x629; &#x644;&#x639;&#x644;&#x647; &#x64A;&#x639;&#x648;&#x62F; &#x628;&#x627;&#x644;&#x646;&#x641;&#x639; &#x639;&#x644;&#x649; &#x627;&#x644;&#x627;&#x631;&#x62A;&#x642;&#x627;&#x621; &#x628;&#x645;&#x633;&#x62A;&#x648;&#x649; &#x627;&#x644;&#x623;&#x62F;&#x627;&#x621; &#x628;&#x647;&#x630;&#x647; &#x627;&#x644;&#x645;&#x624;&#x633;&#x633;&#x629; &#x627;&#x644;&#x647;&#x627;&#x645;&#x629;.</subfield>
  </datafield>
  <datafield tag="530" ind1=" " ind2=" ">
    <subfield code="a">Issues also as CD.</subfield>
  </datafield>
  <datafield tag="546" ind1=" " ind2=" ">
    <subfield code="a">Text in English and abstract in Arabic &amp; English.</subfield>
  </datafield>
  <datafield tag="650" ind1=" " ind2="0">
    <subfield code="a">Nursing services</subfield>
  </datafield>
  <datafield tag="653" ind1=" " ind2="1">
    <subfield code="a">Nursing staff</subfield>
    <subfield code="a">personality traits</subfield>
    <subfield code="a">organizational commitment</subfield>
  </datafield>
  <datafield tag="700" ind1="0" ind2=" ">
    <subfield code="a">Mohamed Ali Pessa</subfield>
    <subfield code="e">thesis advisor.</subfield>
  </datafield>
  <datafield tag="700" ind1="0" ind2=" ">
    <subfield code="a">Abeer Mohamed Seada</subfield>
    <subfield code="e">thesis advisor.</subfield>
  </datafield>
  <datafield tag="900" ind1=" " ind2=" ">
    <subfield code="b">01-01-2022</subfield>
    <subfield code="c">Mohamed Ali Pessa; </subfield>
    <subfield code="c">Abeer Mohamed Seada</subfield>
    <subfield code="U">Cairo University</subfield>
    <subfield code="F">Faculty of Nursing</subfield>
    <subfield code="D">Department of Nursing services</subfield>
  </datafield>
  <datafield tag="905" ind1=" " ind2=" ">
    <subfield code="a">Shimaa</subfield>
  </datafield>
  <datafield tag="942" ind1=" " ind2=" ">
    <subfield code="2">ddc</subfield>
    <subfield code="c">TH</subfield>
    <subfield code="e">21</subfield>
    <subfield code="n">0</subfield>
  </datafield>
  <datafield tag="999" ind1=" " ind2=" ">
    <subfield code="c">179883</subfield>
  </datafield>
</record>
